Pays avec la lettre F - Statistiques

Statistiques générales
  • Ce quiz a été pris 785 fois
    748 depuis la dernière actualisation
  • Le résultat moyen est 5 sur 8
Statistiques - réponses
Réponses % Correct
Finlande
98%
France
97%
Fidji
83%
Afghanistan
57%
Afrique du Sud
53%
République Centrafricaine
31%
Burkina Faso
26%
États Fédérés de Micronésie
13%
Aucun quiz correspondant
Distribution des résultats
% des personnes avec chaque résultat
Percentile par nombre de réponses
Votre historique - résultats
Vous n’avez pas pris ce quiz depuis la dernière actualisation